| 000 | 00541nam a22001817a 4500 | ||
|---|---|---|---|
| 005 | 20090620151226.0 | ||
| 008 | 090620t xxu||||| |||| 00| 0 eng d | ||
| 022 | _a0971-605X | ||
| 037 | _bDBAD | ||
| 245 | _aPoints of view | ||
| 260 |
_aGhaziabad _bPoints of View _c2009- |
||
| 300 |
_av. _c24 cm |
||
| 310 | _aBiannual | ||
| 270 |
_aKH/127, New Kavi Nagar, _bGhaziabad _e201002 _k2700365 |
||
| 365 | _b300.00 per annum | ||
| 942 |
_2ddc _cSR _s1 |
||
| 999 |
_c27706 _d27706 |
||